Joueur Du Grenier - Images du Générique dans l'ordre - Statistiques

Statistiques générales
  • Ce quiz a été pris 24 fois
  • Le résultat moyen est 19 sur 51
Statistiques - réponses
Par images Réponse % Correct
51
79%
2
68%
3
68%
4
68%
5
68%
1
63%
6
63%
8
53%
10
47%
11
47%
12
47%
15
47%
16
42%
17
42%
18
42%
13
37%
39
37%
50
37%
7
37%
9
37%
14
32%
20
32%
23
32%
25
32%
27
32%
29
32%
30
32%
32
32%
35
32%
37
32%
40
32%
42
32%
44
32%
47
32%
48
32%
19
26%
21
26%
22
26%
24
26%
26
26%
28
26%
31
26%
33
26%
34
26%
36
26%
38
26%
41
26%
43
26%
45
26%
46
26%
49
26%
Aucun quiz correspondant
Distribution des résultats
% des personnes avec chaque résultat
Percentile par nombre de réponses
Votre historique - résultats
Vous n’avez pas pris ce quiz